Quizzes
Events
Quiz Creation
Community
Videos
Private Events
Remove Ads
Sign In
Join for FREE
Feedback
Dark Mode
Quiz Categories
Sports
Geography
Music
Movies
Television
Just For Fun
Miscellaneous
History
Literature
Language
Science
Gaming
Entertainment
Religion
Holiday
For Kids
Quiz Lab
Recent
Popular Today
Quiz Kudos Today
Editor Picks
Curator Picks
Quizzes by...
Day
Popularity
Type
Ratings
Length
Year
Community
Subscriptions
Recent Discussions
Orange Saloon
Badges
Playlists
Quests
Create
Leaderboards
Showdown
Live 5
Trivia Bingo
Activity
Puzzle Library
Sporcle Events
Private Events
Virtual Trivia
Globe League
Become a Host
Pub Owners
SporcleCon
Opinionation
Our Games
Videos
Blog
Mobile Apps
Partnerships
Remove Ads and Go Orange
Feedback
Sports
Athletes
MLB
NBA
NHL
NFL
Soccer
Sports Teams
WWE
NCAA
Football
Premier League
Basketball
Baseball
Hockey
Golf
Tennis
Cricket
Rugby
Auto Racing
Olympics
World Cup
Sports
Athletes
MLB
NBA
NHL
NFL
Soccer
Sports Teams
WWE
NCAA
Football
Premier League
Basketball
Baseball
Hockey
Golf
Tennis
Cricket
Rugby
Auto Racing
Olympics
World Cup
Random Quiz
Search Sporcle
×
Quiz Lab
Quiz Lab
Sports
NBA
Type in answers that appear in a list
Type in answers that appear in a list
Classic
Best Score? Go Orange.
NBA Single Game Highs Stats
Can you name the players with the single game highs for each category since 2000?
By
kraffcook
10m
55 Questions
869 Plays
869 Plays
869 Plays
Comments
Comments
Give Quiz Kudos
Give Quiz Kudos
-
- Ratings
hide this ad
Replay
Link that replays current quiz
Next Quiz
Link to next quiz in quiz playlist
You Got
0%
They Got
Avg Score
74%
Avg Friend Score
Upgrade to see
Score Distribution
Jump to the score distribution portion of the page
Score
0/55
Timer
10:00
0
Plays Today
Category
Player
% Correct
Points
Kobe Bryant
99.8%
Points
Kobe Bryant
99.8%
Points
Kobe Bryant
99.8%
Points
Kobe Bryant
99.8%
Points
Kobe Bryant
99.8%
Points
Kobe Bryant
99.8%
Points
Allen Iverson
99.1%
Points
Allen Iverson
99.1%
Steals
Allen Iverson
99.1%
Assists
Rajon Rondo
97.8%
Assists
Rajon Rondo
97.8%
Rebounds
Ben Wallace
96.5%
Rebounds
Ben Wallace
96.5%
Rebounds
Ben Wallace
96.5%
Blocks
Ben Wallace
96.5%
Blocks
Ben Wallace
96.5%
Points
Gilbert Arenas
95.9%
Assists
Steve Nash
95.9%
Assists
Steve Nash
95.9%
Assists
Steve Nash
95.9%
Rebounds
Kevin Love
95.7%
Points
Tracy McGrady
92.6%
Assists
Chris Paul
92.6%
Steals
Chris Paul
92.4%
Assists
Deron Williams
91.4%
Blocks
Dwight Howard
90.7%
Rebounds
Tim Duncan
90.6%
Rebounds
Andrew Bogut
76.1%
Category
Player
% Correct
Rebounds
Dikembe Mutombo
75%
Rebounds
Dikembe Mutombo
75%
Blocks
Dikembe Mutombo
75%
Blocks
Dikembe Mutombo
74.9%
Steals
Brandon Roy
74.1%
Blocks
Josh Smith
73.8%
Assists
Andre Miller
71.6%
Steals
Andre Miller
71.3%
Rebounds
Marcus Camby
70.3%
Blocks
Marcus Camby
70.3%
Blocks
Marcus Camby
70.3%
Blocks
Amar'e Stoudemire
70.1%
Steals
John Wall
66.5%
Blocks
Jermaine O'Neal
66.3%
Blocks
Andrei Kirilenko
61.4%
Blocks
Emeka Okafor
59%
Assists
Jamaal Tinsley
52.5%
Steals
Dirk Nowitzki
43.6%
Blocks
Javale McGee
42.3%
Assists
Chris Duhon
41%
Steals
Mario Chalmers
35.3%
Steals
Michael Finley
34.9%
Assists
Ramon Sessions
29.3%
Steals
Rafer Alston
15.3%
Blocks
Keon Clark
14.3%
Assists
George McCloud
6.6%
Blocks
Calvin Booth
3.6%
Quiz Playlist
Details
Report
Send in Message
Add To Playlist
Classic:
Type in answers that appear in a list
Quiz Source
Last Updated: Feb 16, 2017
Quiz Scoreboard
CHALLENGE
Sign Up to Join the Scoreboard
Show All
Scores
Hide
Comments
May contain spoilers
Recently Published
Alphabetical 'K' Countries by Flag Minefield
by ylime102
Geography
3m
Pick 6: Fruits
by JohnFran
Miscellaneous
15s
Click the 1999 NBA Draft
by nibperrychub
Sports
2m
More to Explore
Quiz From the Vault
Featured Blog Post
15 Basketball Trivia Facts You Can Be March Mad About
hide this ad
You Might Also Like...
Tags
Basketball Quiz
NBA Quiz
2000
Category
Player
Single
stat
Today's Top Quizzes in Sports
Browse Sports
hide this ad
Today's Top Quizzes in NBA
Browse NBA
Top Contributed Quizzes in Sports
1
Les joueurs à 100 buts en Ligue 1 Uber Eats
2
Pick 6: NFL Teams
3
MLB 2 truths and a lie: Hall of Fame pitchers
4
2022 World Cup Stars
5
Criteria MLB: Left Handed Sluggers
6
Millionaire: NBA Finals Edition
7
Pick 6: Minor League Baseball
8
Click the 1998 NBA Draft
9
Don't Strike Out: 3000 Strikeouts
10
Pick 6: Olympics
Explore More
Trending Topics
Disney
Crossword
Kpop
Anime
Harry Potter
Marvel
NBA
Song
Country
WWE
NFL
Puzzle
The Office
Pokémon
Soccer
hide this ad
More By:
kraffcook
Quiz
Plays
Rating
Category
Featured
Created
NFL Rookie Quarterbacks
138,049
4.39
Sports
Oct 5, 2010
Before and After: US Sports
114,848
3.75
Sports
Dec 8, 2009
NFL Receiving TDs (2009)
114,123
4.13
Sports
Jan 14, 2010
NFL 2000s All-Decade Team
19,764
3.76
Sports
Nov 19, 2009
2000s NFL Leaders
14,699
4.17
Sports
Mar 12, 2010
Go to Creator's Profile
Score Distribution
Quiz Creator Spotlight
kraffcook
Follow
Send a Message
Quizzes Created
-
Created Quiz Play Count
-
More By This Creator
Popular Quizzes Today
1
Countries of Asia Without Outlines Minefield
2
Find the US States - No Outlines Minefield
3
Pick 6: Fruits
4
Alphabetical 'K' Countries by Flag Minefield
5
The Countries of the World
6
Find the US States
7
US States
8
Find the Countries of Europe - No Outlines Minefield
More Sports Quizzes
5 of 50: NFL Teams
Quiz Lab
Trending Quizzes
Pick 6: Harry Potter
Pick 6: Mountains
Pick 6: NFL Teams
Pick 6: Flags
Pick 6: Movie Franchises
Recently Updated
NWSL Teams
pecheneg
Women's Final Four Teams by Year
bhenderson79
Presidents Quartet II
eogle
Anything But Clue(do)
eogle
Anything But Oceanian Capitals
eogle
Anything But 7
eogle
Anything But Thing
eogle
Word Ladder: February 29
pecheneg
Song Title Questions
pecheneg
Women's NCAA Tournament #1 Seeds
pecheneg
Trending Topics
Kpop
Anime
Disney
Marvel
Harry Potter
NBA
Crossword
Puzzle
WWE
Pokémon
Soccer
Country
Song
The Office
NFL
Your Account Isn't Verified!
In order to create a playlist on Sporcle, you need to verify the email address you used during registration. Go to your
Sporcle Settings
to finish the process.
Report this User
Report this user for behavior that violates our
Community Guidelines
.
Details:
Send Report
Go to the Sporcle.com Mobile Site →
Comments